000 00642nam a2200241Ia 4500
003 OSt
005 20220924130841.0
006 a|||||r|||| 00| 0
007 ta
008 220923b |||||||| |||| 00| 0 urd d
020 _c30.00
024 _a318674
037 _cTextual
040 _aARTS
_cARTS
_burd
041 _2urd
_aurd
082 _aO168,3N40,AA, M9
100 _aAhmad Qazi Mushtaq Au.
245 0 _aAazadi
260 _aUP
_bRangmahal publications India
_c1989
650 _aURDU FICTION
_93298
942 _hO168,3N40,AA, M9
_cTEXL
_2CC
999 _c425441
_d425441